Datum a čas kvízu
41.5
Celkem bodů
Celkový počet nahraných bodů na tomto kvízu bez doplňovacích otázek.
1.
Pořadí na kvízu
Konečné umístění týmu na tomto kvízu.
Zaznamenané odpovědi
| # | Otázka | Odpověď | Body | Výsledky |
|---|---|---|---|---|
| 1. | Jiří Langmajer, Zdislava Pokor... | Hejt není názor | 0 | |
| 2. | K čemu vybídl syn Joea Bidena... | C | 1 | |
| 3. | Legendární americký folkový zp... | Paul Simon | 1 | |
| 4. | Kterému živočichovi, jenž pomá... | A | 1 | |
| 5. | Cyklistický závod Kolem Flande... | A | 1 | |
| 6. | Vaším prvním úkolem v dnešním... | 1A 2D 3B 4C | 1 | |
| 7. | Poznejte gangsterku dle stručn... | Dannyho parťáci (Ocean's Eleven) | 1 | |
| 8. | Bud Spencer a Terence Hill spo... | v Itálii | 1 | |
| 9. | Gangster, na kterého se ptáme,... | Jabba Hutt | 1 | |
| 10. | Uveďte jméno i příjmení postav... | John Wick | 1 |